[Event "Solta op 6th"]
[Site "Grohote"]
[Date "2023.07.03"]
[Round "7"]
[White "Kobas, Adnan"]
[Black "Seres, Bela"]
[Result "1/2-1/2"]
[WhiteElo "2244"]
[BlackElo "2158"]
[PlyCount "39"]
[EventDate "2023.06.27"]
[EventType "swiss"]
[EventRounds "9"]
[EventCountry "CRO"]
[SourceTitle "EXT 2024"]
[Source "ChessBase"]
[SourceDate "2023.10.10"]
[SourceVersion "1"]
[SourceVersionDate "2023.10.10"]
[SourceQuality "1"]

1. e4 c5 2. Nf3 Nc6 3. Nc3 g6 4. d4 cxd4 5. Nxd4 Bg7 6. Nb3 Nf6 7. Be2 d6 8. 0-0 0-0 9. Bg5 Be6 10. f4 Rc8 11. Kh1 Qd7 12. Bf3 Bc4 13. Rf2 b5 14. Rd2 b4 15. Nd5 Bxd5 16. exd5 Nb8 17. a3 bxa3 18. Rxa3 h6 19. Bh4 Rc4 20. Nd4 1/2-1/2

[Event "Lignano Bella Italia op 1st"]
[Site "Lignano Sabbiadoro"]
[Date "2022.08.22"]
[Round "8"]
[White "Grigorian, Roudolph"]
[Black "Seres, Bela"]
[Result "1/2-1/2"]
[WhiteElo "2101"]
[BlackElo "2207"]
[PlyCount "67"]
[EventDate "2022.08.18"]
[EventType "swiss"]
[EventRounds "9"]
[EventCountry "ITA"]
[SourceTitle "CBM 210 Extra"]
[Source "ChessBase"]
[SourceDate "2022.11.30"]
[SourceVersion "1"]
[SourceVersionDate "2022.11.30"]
[SourceQuality "1"]

1. e4 c5 2. Nf3 Nc6 3. d4 cxd4 4. Nxd4 e5 5. Nb5 d6 6. N1c3 a6 7. Na3 b5 8. Nd5 Nge7 9. Be3 Nxd5 10. exd5 Ne7 11. c4 Nf5 12. Bd2 Be7 13. cxb5 0-0 14. Be2 Nd4 15. 0-0 Bb7 16. bxa6 Bxd5 17. b4 Qb6 18. Bd3 e4 19. Qh5 f5 20. Rfe1 Bf6 21. Bf1 Rxa6 22. Nc4 Qa7 23. Ne3 Bf7 24. Qh3 Rxa2 25. Rad1 Ra3 26. Bc1 Rb3 27. Rxd4 Qxd4 28. Nxf5 Qxb4 29. Qg4 Qxe1 30. Nh6+ Kh8 31. Nxf7+ Kg8 32. Nh6+ Kh8 33. Nf7+ Kg8 34. Nh6+ 1/2-1/2

[Event "HUN-ch Rapid"]
[Site "Ajka"]
[Date "2022.07.17"]
[Round "13"]
[White "Seres, Bela"]
[Black "Bodi, Tibor"]
[Result "0-1"]
[WhiteElo "2207"]
[BlackElo "2301"]
[PlyCount "84"]
[EventDate "2022.07.15"]
[EventType "swiss (rapid)"]
[EventRounds "13"]
[EventCountry "HUN"]
[SourceTitle "CBM 209 Extra"]
[Source "ChessBase"]
[SourceDate "2022.09.30"]
[SourceVersion "1"]
[SourceVersionDate "2022.09.30"]
[SourceQuality "1"]

1. e4 Nf6 2. Nc3 d5 3. e5 Ne4 4. Nxe4 dxe4 5. d4 exd3 6. Bxd3 Nc6 7. f4 Nb4 8. a3 Nxd3+ 9. Qxd3 Qxd3 10. cxd3 Bf5 11. d4 0-0-0 12. Be3 e6 13. Ne2 b6 14. Ng3 Bd3 15. Rd1 Bc4 16. Kf2 Kb7 17. Rc1 Bd5 18. Rc3 Be7 19. Rhc1 c6 20. b4 Ra8 21. Bd2 a5 22. b5 Rac8 23. bxc6+ Rxc6 24. Nf1 Rhc8 25. Rxc6 Rxc6 26. Rxc6 Kxc6 27. Bc1 Kb5 28. Ne3 Bb3 29. g4 Ka4 30. f5 g6 31. fxg6 fxg6 32. Kf3 Bxa3 33. Bxa3 Kxa3 34. Ke4 Kb4 35. d5 exd5+ 36. Nxd5+ Kc5 37. Nf6 a4 38. Kd3 h6 39. h4 a3 40. Kc3 a2 41. Kb2 Be6 42. h5 g5 0-1

[Event "HUN-ch Rapid"]
[Site "Ajka"]
[Date "2022.07.16"]
[Round "7"]
[White "Seres, Bela"]
[Black "Margl, Roland"]
[Result "0-1"]
[WhiteElo "2207"]
[BlackElo "2312"]
[PlyCount "110"]
[EventDate "2022.07.15"]
[EventType "swiss (rapid)"]
[EventRounds "13"]
[EventCountry "HUN"]
[SourceTitle "CBM 209 Extra"]
[Source "ChessBase"]
[SourceDate "2022.09.30"]
[SourceVersion "1"]
[SourceVersionDate "2022.09.30"]
[SourceQuality "1"]

1. e4 c6 2. d4 d5 3. e5 Bf5 4. Nf3 e6 5. Be2 c5 6. Be3 Qb6 7. Nc3 Nc6 8. 0-0 Qxb2 9. Qe1 cxd4 10. Bxd4 Nxd4 11. Nxd4 Bb4 12. Rb1 Bxc3 13. Rxb2 Bxe1 14. Rxe1 b6 15. h4 h5 16. Nxf5 exf5 17. c4 d4 18. Rd2 Rd8 19. Red1 Ne7 20. Rxd4 Rxd4 21. Rxd4 Nc6 22. Rd3 Ke7 23. f4 g6 24. Kf2 Rc8 25. Ke3 Na5 26. Rd4 Rc5 27. Kd3 Nc6 28. Rd6 Nd8 29. Rd5 Ne6 30. Rxc5 Nxf4+ 31. Ke3 Nxg2+ 32. Kf2 bxc5 33. Kxg2 Ke6 34. Bf3 Kxe5 35. Bd5 f6 36. Bf7 g5 37. Bxh5 Kd4 38. Bg6 gxh4 39. Bxf5 Kxc4 40. Kf3 Kc3 41. Ke3 c4 42. Be6 a5 43. a4 Kb4 44. Kd2 Kxa4 45. Kc3 Kb5 46. Bxc4+ Kc5 47. Bf1 Kd5 48. Kd3 a4 49. Kc3 Ke4 50. Kb4 Kf3 51. Kxa4 Kf2 52. Bb5 f5 53. Bc6 f4 54. Bh1 Kg1 55. Bd5 h3 0-1

[Event "HUN-ch Rapid"]
[Site "Ajka"]
[Date "2022.07.15"]
[Round "3"]
[White "Horvath, Adam"]
[Black "Seres, Bela"]
[Result "1-0"]
[WhiteElo "2520"]
[BlackElo "2207"]
[PlyCount "47"]
[EventDate "2022.07.15"]
[EventType "swiss (rapid)"]
[EventRounds "13"]
[EventCountry "HUN"]
[SourceTitle "CBM 209 Extra"]
[Source "ChessBase"]
[SourceDate "2022.09.30"]
[SourceVersion "1"]
[SourceVersionDate "2022.09.30"]
[SourceQuality "1"]

1. e4 e5 2. Nf3 Nf6 3. Nxe5 d6 4. Nf3 Nxe4 5. Nc3 Nxc3 6. dxc3 Bf5 7. Be3 Be7 8. Nd4 Bg6 9. Qf3 c6 10. Bd3 Bxd3 11. cxd3 0-0 12. h4 Nd7 13. Qg3 Ne5 14. Nf5 Bf6 15. 0-0-0 Qd7 16. Qh3 g6 17. Nh6+ Kg7 18. g4 Qe6 19. f4 Nd7 20. h5 Rae8 21. hxg6 Qxe3+ 22. Qxe3 Rxe3 23. Nf5+ Kxg6 24. Rh6# 1-0

[Event "Pula op 34th"]
[Site "Pula"]
[Date "2022.06.21"]
[Round "5"]
[White "Novosel, Lovro"]
[Black "Seres, Bela"]
[Result "0-1"]
[WhiteElo "2293"]
[BlackElo "2164"]
[PlyCount "164"]
[EventDate "2022.06.18"]
[EventType "swiss"]
[EventRounds "9"]
[EventCountry "CRO"]
[SourceTitle "CBM 209 Extra"]
[Source "ChessBase"]
[SourceDate "2022.09.30"]
[SourceVersion "1"]
[SourceVersionDate "2022.09.30"]
[SourceQuality "1"]

1. Nf3 d5 2. g3 Bf5 3. Bg2 e6 4. 0-0 Nf6 5. d3 h6 6. c4 c6 7. Nc3 Be7 8. a3 0-0 9. b3 Nbd7 10. Bb2 a5 11. Re1 Bh7 12. cxd5 exd5 13. Rc1 Nc5 14. Nb1 Qb6 15. Nbd2 Nfd7 16. Qc2 Rfe8 17. Ne5 Nxe5 18. Bxe5 Nd7 19. Bb2 Bc5 20. e3 Bd6 21. e4 Be5 22. exd5 Bxb2 23. Qxb2 cxd5 24. Bxd5 Bxd3 25. Nc4 Bxc4 26. Bxc4 Qf6 27. Qxf6 Nxf6 28. Bb5 Rxe1+ 29. Rxe1 Nd5 30. Re5 Nc3 31. Bc4 a4 32. Re3 b5 33. Rxc3 bxc4 34. bxc4 Kf8 35. Kf1 Rb8 36. Ke2 Rb2+ 37. Ke3 Ke7 38. c5 Kd7 39. c6+ Kc7 40. h4 g6 41. f4 Rb5 42. Ke4 f6 43. Kd4 h5 44. Re3 Kd6 45. Rc3 Rd5+ 46. Ke4 f5+ 47. Ke3 Kc7 48. Rc4 Rb5 49. Rxa4 Rb3+ 50. Kf2 Kxc6 51. Ra6+ Kd5 52. Rxg6 Rxa3 53. Rb6 Ra2+ 54. Kf3 Ra3+ 55. Kg2 Ra2+ 56. Kh3 Ke4 57. Rb3 Rc2 58. Rb4+ Kf3 59. Rb3+ Ke4 60. Rb1 Kf3 61. Rf1+ Ke4 62. Rg1 Kf3 63. Re1 Ra2 64. Rb1 Rc2 65. Rb3+ Ke4 66. Rb4+ Kf3 67. Rb5 Rc1 68. Rb3+ Ke4 69. Rb2 Kf3 70. Kh2 Kg4 71. Kg2 Rc3 72. Rb7 Rxg3+ 73. Kh2 Rf3 74. Kg2 Rxf4 75. Rb3 Ra4 76. Kf2 Ra2+ 77. Ke3 f4+ 78. Kd3 f3 79. Rb8 Re2 80. Rf8 Re7 81. Kd2 Kg3 82. Rf5 f2 0-1

[Event "Solta op 4th"]
[Site "Grohote"]
[Date "2021.08.09"]
[Round "3"]
[White "Troselj, Ivan"]
[Black "Seres, Bela"]
[Result "1-0"]
[WhiteElo "2030"]
[BlackElo "2183"]
[PlyCount "61"]
[EventDate "2021.08.08"]
[EventType "swiss"]
[EventRounds "9"]
[EventCountry "CRO"]
[SourceTitle "CBM 203 Extra"]
[Source "ChessBase"]
[SourceDate "2021.09.30"]
[SourceVersion "1"]
[SourceVersionDate "2021.09.30"]
[SourceQuality "1"]

1. e4 g6 2. Nf3 Bg7 3. d4 c5 4. c3 cxd4 5. cxd4 d5 6. e5 Bg4 7. Nc3 Nc6 8. Bb5 Rc8 9. h3 Bxf3 10. Qxf3 e6 11. 0-0 Qb6 12. Rd1 Nge7 13. b3 0-0 14. Bxc6 Nxc6 15. Ne2 f6 16. Ba3 Rf7 17. Bc5 Qd8 18. Qg4 f5 19. Qg3 Nxe5 20. Bxa7 Nd7 21. Nf4 Qa5 22. Rac1 Rxc1 23. Rxc1 Qxa7 24. Nxe6 Qb6 25. Rc8+ Nf8 26. Re8 f4 27. Qg5 Qc6 28. Qd8 f3 29. gxf3 Rf6 30. Qxf6 Qxe6 31. Rxf8+ 1-0

[Event "HUN-ch Rapid"]
[Site "Ajka"]
[Date "2021.07.16"]
[Round "4"]
[White "Seres, Bela"]
[Black "Mihok, Oliver"]
[Result "0-1"]
[WhiteElo "2183"]
[BlackElo "2536"]
[PlyCount "78"]
[EventDate "2021.07.16"]
[EventType "swiss (rapid)"]
[EventRounds "13"]
[EventCountry "HUN"]
[SourceTitle "CBM 203 Extra"]
[Source "ChessBase"]
[SourceDate "2021.09.30"]
[SourceVersion "1"]
[SourceVersionDate "2021.09.30"]
[SourceQuality "1"]

1. e4 c5 2. Nf3 e6 3. b3 b6 4. Bb2 Bb7 5. Nc3 Nc6 6. d4 cxd4 7. Nxd4 Nf6 8. Nxc6 Bxc6 9. Bd3 Qb8 10. Qe2 Bd6 11. h3 0-0 12. g4 Bf4 13. h4 d5 14. g5 Nxe4 15. Nxe4 dxe4 16. Bxe4 Qb7 17. Bxc6 Qxc6 18. 0-0 h6 19. gxh6 Bxh6 20. c4 Rfe8 21. Rad1 Rad8 22. Rd3 Rxd3 23. Qxd3 e5 24. Qf5 Bf4 25. f3 Rd8 26. Kg2 Qc5 27. Rf2 Rd1 28. b4 Qe7 29. Qc2 Rd6 30. c5 bxc5 31. bxc5 Rc6 32. Qe4 Rg6+ 33. Kf1 Qxc5 34. h5 Rc6 35. Re2 Rd6 36. Kg2 Rd1 37. Qa8+ Kh7 38. Qe4+ Kh6 39. Rf2 Qe7 0-1

[Event "Lignano Sabbiadoro op 6th"]
[Site "Lignano Sabbiadoro"]
[Date "2020.08.07"]
[Round "8"]
[White "Varga, Peter"]
[Black "Seres, Bela"]
[Result "1-0"]
[WhiteElo "2371"]
[BlackElo "2190"]
[PlyCount "77"]
[EventDate "2020.08.01"]
[EventType "swiss"]
[EventRounds "9"]
[EventCountry "ITA"]
[SourceTitle "EXT 2021"]
[Source "ChessBase"]
[SourceDate "2020.10.23"]
[SourceVersion "1"]
[SourceVersionDate "2020.10.23"]
[SourceQuality "1"]

1. d4 Nf6 2. c4 e6 3. Nc3 c5 4. d5 exd5 5. cxd5 d6 6. e4 g6 7. h3 Bg7 8. Bd3 0-0 9. Bg5 Re8 10. Nf3 h6 11. Be3 c4 12. Bc2 b5 13. a3 Ba6 14. 0-0 Nbd7 15. Re1 Qc7 16. Qd2 Kh7 17. Nd4 Qb7 18. f4 Nc5 19. Bf2 Nfd7 20. Nc6 Rac8 21. Rad1 Nb8 22. Bxc5 dxc5 23. Nxb8 Bd4+ 24. Kh1 Rxb8 25. e5 Kg7 26. d6 Qd7 27. Bb1 b4 28. axb4 Rxb4 29. Qc1 Bb7 30. Kh2 Bc6 31. Be4 Reb8 32. Bxc6 Qxc6 33. Re2 Qd7 34. Nd5 Bxb2 35. Qc2 c3 36. e6 fxe6 37. Ne7 Qe8 38. Rxe6 Qf7 39. Rxg6+ 1-0

[Event "HUN-ch rapid"]
[Site "Ajka"]
[Date "2020.07.18"]
[Round "5"]
[White "Mihok, Oliver"]
[Black "Seres, Bela"]
[Result "1/2-1/2"]
[WhiteElo "2552"]
[BlackElo "2148"]
[PlyCount "103"]
[EventDate "2020.07.17"]
[EventType "swiss (rapid)"]
[EventRounds "13"]
[EventCountry "HUN"]
[SourceTitle "CBM 197 Extra"]
[Source "ChessBase"]
[SourceDate "2020.09.30"]
[SourceVersion "1"]
[SourceVersionDate "2020.09.30"]
[SourceQuality "1"]

1. e4 e5 2. Nf3 Nf6 3. d4 Nxe4 4. Bd3 d5 5. Nxe5 Nd7 6. Nxd7 Bxd7 7. 0-0 Qh4 8. c4 0-0-0 9. c5 g5 10. Nc3 Bg7 11. g3 Qh3 12. Nxe4 dxe4 13. Bxe4 Bb5 14. Bg2 Qf5 15. Qb3 c6 16. Re1 Bxd4 17. Be3 Rhe8 18. Bxd4 Rxe1+ 19. Rxe1 Rxd4 20. Qc3 Qd7 21. Bf3 g4 22. Be4 Bd3 23. Bxd3 Rxd3 24. Qh8+ Kc7 25. Qxh7 Rd1 26. Qe4 Rxe1+ 27. Qxe1 Qd5 28. Qc1 f5 29. a3 b6 30. cxb6+ axb6 31. Qf1 Qd2 32. h4 gxh3 33. Qxh3 Qxb2 34. Qh7+ Kd6 35. Qxf5 c5 36. Qf4+ Kd5 37. Qf3+ Kd6 38. Qd3+ Kc6 39. g4 Qc1+ 40. Kg2 c4 41. Qe4+ Kb5 42. Qd5+ Ka4 43. Qd6 Qxa3 44. Qxb6 c3 45. Qc6+ Kb3 46. Qd5+ Kb2 47. Qe5 Kb1 48. Qb5+ Qb2 49. Qf1+ Qc1 50. Qb5+ Qb2 51. Qf1+ Qc1 52. Qb5+ 1/2-1/2

[Event "HUN-ch rapid"]
[Site "Ajka"]
[Date "2020.07.18"]
[Round "6"]
[White "Seres, Bela"]
[Black "Meszaros, Tamas"]
[Result "0-1"]
[WhiteElo "2148"]
[BlackElo "2378"]
[PlyCount "86"]
[EventDate "2020.07.17"]
[EventType "swiss (rapid)"]
[EventRounds "13"]
[EventCountry "HUN"]
[SourceTitle "CBM 197 Extra"]
[Source "ChessBase"]
[SourceDate "2020.09.30"]
[SourceVersion "1"]
[SourceVersionDate "2020.09.30"]
[SourceQuality "1"]

1. e4 e5 2. Nf3 Nc6 3. Bc4 Nf6 4. d3 h6 5. 0-0 d6 6. h3 g5 7. c3 g4 8. Nh4 gxh3 9. g3 Rg8 10. Nd2 d5 11. exd5 Nxd5 12. Kh2 Be6 13. Qf3 Qd7 14. Qe2 0-0-0 15. Nhf3 Bg4 16. Bb5 Nb6 17. a4 Qd5 18. c4 Nd4 19. cxd5 Nxe2 20. Nxe5 Rxd5 21. Nxg4 Rxg4 22. Ne4 Rg6 23. Be8 Rf5 24. Be3 Kd8 25. Bb5 Rd5 26. Rad1 Nd4 27. Bc4 Rd7 28. a5 Nxc4 29. dxc4 Nf3+ 30. Kxh3 Ne5 31. Rxd7+ Kxd7 32. Rd1+ Kc8 33. b3 Bb4 34. Bd2 Bxd2 35. Rxd2 b6 36. a6 Nc6 37. Nc3 Nb4 38. Nd5 Nxd5 39. Rxd5 Re6 40. Rf5 Re7 41. Kh4 Kd7 42. Kh5 Ke6 43. Kxh6 Kxf5 0-1

[Event "HUN-chT2 Charousek 1819"]
[Site "Hungary"]
[Date "2018.10.28"]
[Round "3.6"]
[White "Seres, Bela"]
[Black "Amrein, Roland"]
[Result "1/2-1/2"]
[WhiteElo "2190"]
[BlackElo "2206"]
[PlyCount "37"]
[EventDate "2018.09.23"]
[EventType "team-tourn"]
[EventRounds "11"]
[EventCountry "HUN"]
[SourceTitle "CBM 189 Extra"]
[Source "ChessBase"]
[SourceDate "2019.06.03"]
[SourceVersion "1"]
[SourceVersionDate "2019.06.03"]
[SourceQuality "1"]
[WhiteTeam "Budapest HASE"]
[BlackTeam "Komlo Banyasz"]
[WhiteTeamCountry "HUN"]
[BlackTeamCountry "HUN"]

1. e4 c5 2. Nc3 e6 3. Nf3 Nc6 4. a4 Nf6 5. Bb5 Nd4 6. e5 Ng8 7. 0-0 a6 8. Bc4 Qc7 9. Re1 Ne7 10. Ne4 Ng6 11. Nxd4 cxd4 12. d3 Nxe5 13. Bf4 d6 14. Bxe5 dxe5 15. Qh5 Be7 16. Nd2 Bb4 17. Rad1 Bd7 18. Bb3 Bc6 19. Qxe5 1/2-1/2

[Event "HUN-chT2 Charousek 1819"]
[Site "Hungary"]
[Date "2018.09.23"]
[Round "1.8"]
[White "Seres, Bela"]
[Black "Kovac, Boris"]
[Result "1/2-1/2"]
[WhiteElo "2190"]
[BlackElo "2200"]
[PlyCount "139"]
[EventDate "2018.09.23"]
[EventType "team-tourn"]
[EventRounds "11"]
[EventCountry "HUN"]
[SourceTitle "CBM 189 Extra"]
[Source "ChessBase"]
[SourceDate "2019.06.03"]
[SourceVersion "1"]
[SourceVersionDate "2019.06.03"]
[SourceQuality "1"]
[WhiteTeam "Budapest HASE"]
[BlackTeam "Szentgotthard Alsoszolnok"]
[WhiteTeamCountry "HUN"]
[BlackTeamCountry "HUN"]

1. e4 c5 2. Nf3 e6 3. c4 Nc6 4. Nc3 Qc7 5. d4 cxd4 6. Nxd4 a6 7. Be3 Nf6 8. Nxc6 dxc6 9. Be2 Bd6 10. Qc2 0-0 11. h3 Bf4 12. Bxf4 Qxf4 13. Qd2 Qxd2+ 14. Kxd2 e5 15. Ke3 Be6 16. Rhd1 Rfd8 17. Na4 Nd7 18. c5 Kf8 19. b3 Ke7 20. Rd2 Nf6 21. Rad1 Rxd2 22. Rxd2 Nd7 23. h4 Rf8 24. g3 g6 25. Rc2 f5 26. exf5 Bxf5 27. Rc4 Kd8 28. h5 Be6 29. Rc1 g5 30. Rd1 Kc7 31. Rd2 Bf5 32. b4 Be6 33. Nc3 Nf6 34. a3 Nd5+ 35. Nxd5+ cxd5 36. Bf3 Kc6 37. Bd1 g4 38. f3 gxf3 39. Bxf3 Rg8 40. Rg2 Kb5 41. Bd1 Bf5 42. g4 d4+ 43. Kf2 Bd3 44. Be2 Kc4 45. g5 e4 46. g6 hxg6 47. hxg6 Rg7 48. Rg3 e3+ 49. Ke1 Kc3 50. Bxd3 Kxd3 51. Kd1 Ke4 52. Rg4+ Kf3 53. Rxd4 Rxg6 54. Rd7 Rg1+ 55. Kc2 e2 56. Rf7+ Ke3 57. Re7+ Kf2 58. Rf7+ Ke1 59. Rxb7 Rf1 60. Re7 Kf2 61. a4 e1Q 62. Rxe1 Rxe1 63. b5 axb5 64. axb5 Re5 65. Kc3 Rxc5+ 66. Kb4 Rc1 67. b6 Ke3 68. Kb5 Rb1+ 69. Kc6 Kd4 70. b7 1/2-1/2

[Event "Banska Stiavnica V4 op"]
[Site "Banska Stiavnica"]
[Date "2018.07.13"]
[Round "7"]
[White "Seres, Bela"]
[Black "Pniaczek, Marek"]
[Result "0-1"]
[WhiteElo "2212"]
[BlackElo "2082"]
[PlyCount "63"]
[EventDate "2018.07.07"]
[EventType "swiss"]
[EventRounds "9"]
[EventCountry "SVK"]
[SourceTitle "CBM 185 Extra"]
[Source "ChessBase"]
[SourceDate "2018.07.29"]
[SourceVersion "1"]
[SourceVersionDate "2018.07.29"]
[SourceQuality "1"]

1. e4 c5 2. d3 Nc6 3. g3 g6 4. Bg2 Bg7 5. Nh3 d6 6. 0-0 e6 7. f4 Nge7 8. Nc3 0-0 9. Kh1 Rb8 10. Ne2 b5 11. f5 exf5 12. exf5 Bxf5 13. Rxf5 Nxf5 14. Bxc6 d5 15. a4 a6 16. axb5 axb5 17. Bf4 Qf6 18. Bxd5 Rbd8 19. Be4 Qxb2 20. Rb1 Qa3 21. Rxb5 c4 22. Nf2 Rfe8 23. Rxf5 gxf5 24. Bxf5 Qc5 25. Nd4 Qxd4 26. Qf3 cxd3 27. cxd3 Ra8 28. Be4 Ra2 29. Be3 Qe5 30. Kg2 Rb2 31. Bf4 Qa5 32. Kh3 0-1

[Event "Banska Stiavnica V4 op"]
[Site "Banska Stiavnica"]
[Date "2018.07.09"]
[Round "3"]
[White "Seres, Bela"]
[Black "Ferkova, Dominika"]
[Result "0-1"]
[WhiteElo "2212"]
[BlackElo "2075"]
[PlyCount "116"]
[EventDate "2018.07.07"]
[EventType "swiss"]
[EventRounds "9"]
[EventCountry "SVK"]
[SourceTitle "CBM 185 Extra"]
[Source "ChessBase"]
[SourceDate "2018.07.29"]
[SourceVersion "1"]
[SourceVersionDate "2018.07.29"]
[SourceQuality "1"]

1. e4 c6 2. d3 d5 3. Nd2 e5 4. Ngf3 Bd6 5. Be2 Nf6 6. 0-0 0-0 7. Re1 Re8 8. c3 Bg4 9. h3 Bh5 10. Nh2 Bg6 11. Bf3 Nbd7 12. Nhf1 Nc5 13. Qe2 dxe4 14. dxe4 Bc7 15. Ng3 Nd3 16. Rd1 Nf4 17. Qe1 Qe7 18. Nc4 Rad8 19. Ne3 Rxd1 20. Qxd1 Rd8 21. Qf1 Nd3 22. Nef5 Qe6 23. Qe2 Nxc1 24. Rxc1 Qxa2 25. h4 Bxf5 26. Nxf5 g6 27. Qe3 Qxb2 28. Qg5 Qd2 29. Rb1 Qxg5 30. hxg5 gxf5 31. Rxb7 Ne8 32. exf5 Bb6 33. Bxc6 Nc7 34. c4 Na6 35. Bd5 Rf8 36. g6 hxg6 37. fxg6 Kg7 38. gxf7 Nc5 39. Re7 Nd3 40. Kf1 Bd4 41. c5 Bxc5 42. Re8 Bd4 43. f3 a5 44. Bc4 Nb2 45. Bd5 Na4 46. f4 Nc3 47. Bc4 e4 48. g4 a4 49. g5 Be3 50. g6 Bxf4 51. Re6 Bc1 52. Rc6 a3 53. Ra6 e3 54. Ke1 Rc8 55. Re6 Bd2+ 56. Kf1 Rxc4 57. Re8 Rf4+ 58. Kg2 Kxg6 0-1

[Event "Budapest-chT1 Lilienthal 1718"]
[Site "Budapest"]
[Date "2018.03.18"]
[Round "12"]
[White "Czegledi, Barna Jr"]
[Black "Seres, Bela"]
[Result "1/2-1/2"]
[WhiteElo "2157"]
[BlackElo "2212"]
[PlyCount "148"]
[EventDate "2017.10.01"]
[EventType "team-tourn"]
[EventRounds "13"]
[EventCountry "HUN"]
[SourceTitle "EXT 2021"]
[Source "ChessBase"]
[SourceDate "2020.10.23"]
[SourceVersion "1"]
[SourceVersionDate "2020.10.23"]
[SourceQuality "1"]
[WhiteTeam "Budapest Vasas II"]
[BlackTeam "Fabulon"]
[WhiteTeamCountry "HUN"]
[BlackTeamCountry "HUN"]

1. d4 g6 2. c4 Bg7 3. e4 c5 4. d5 e6 5. Ne2 d6 6. Nbc3 Ne7 7. Ng3 a6 8. a4 exd5 9. cxd5 0-0 10. Bf4 h6 11. h4 Re8 12. Qd2 Nf5 13. Be2 Nxg3 14. Bxg3 Qe7 15. 0-0 Kh7 16. Bd3 Nd7 17. h5 Ne5 18. Be2 gxh5 19. Bxh5 Rg8 20. f4 Nc4 21. Qe2 Bxc3 22. bxc3 Rxg3 23. Qxc4 Bh3 24. Ra2 Rag8 25. Rff2 b5 26. axb5 axb5 27. Qf1 Rxc3 28. e5 Bf5 29. Qa1 b4 30. Ra7 Rc1+ 31. Rf1 Rxa1 32. Rxe7 Rxf1+ 33. Kxf1 b3 34. Rb7 dxe5 35. Rxb3 exf4 36. Bxf7 Rg7 37. Bh5 Be4 38. Bf3 Bxf3 39. Rxf3 Rd7 40. Rxf4 Rxd5 41. Rf6 Kg7 42. Rc6 h5 43. Ke2 Kf7 44. Ke3 Ke7 45. Ke4 Rg5 46. Rh6 Kd7 47. Kd3 Rxg2 48. Rxh5 Kc6 49. Kc4 Rg4+ 50. Kb3 Kb5 51. Rh3 Rb4+ 52. Kc3 Ra4 53. Kb3 c4+ 54. Kb2 Rb4+ 55. Kc2 Ra4 56. Kb2 Kb4 57. Rf3 Ra5 58. Rh3 Rg5 59. Rf3 Rg2+ 60. Kc1 Ra2 61. Rh3 Ra1+ 62. Kc2 Rg1 63. Rf3 Rg2+ 64. Kc1 Re2 65. Rh3 Kc5 66. Rg3 Kd4 67. Rh3 Re3 68. Rxe3 Kxe3 69. Kc2 Kd4 70. Kd2 c3+ 71. Kc2 Kc4 72. Kc1 Kd3 73. Kd1 c2+ 74. Kc1 Kc3 1/2-1/2

[Event "Budapest-chT1 Lilienthal 1718"]
[Site "Budapest"]
[Date "2018.02.25"]
[Round "10"]
[White "Seres, Bela"]
[Black "Vegh, Karoly"]
[Result "0-1"]
[WhiteElo "2212"]
[BlackElo "1981"]
[PlyCount "114"]
[EventDate "2017.10.01"]
[EventType "team-tourn"]
[EventRounds "13"]
[EventCountry "HUN"]
[SourceTitle "EXT 2021"]
[Source "ChessBase"]
[SourceDate "2020.10.23"]
[SourceVersion "1"]
[SourceVersionDate "2020.10.23"]
[SourceQuality "1"]
[WhiteTeam "Fabulon"]
[BlackTeam "Palota Sakk"]
[WhiteTeamCountry "HUN"]
[BlackTeamCountry "HUN"]

1. c4 Nf6 2. Nc3 g6 3. g3 Bg7 4. Bg2 c5 5. a3 Nc6 6. Rb1 0-0 7. b4 d6 8. d3 Rb8 9. bxc5 dxc5 10. Bxc6 Nd7 11. Bg2 Bxc3+ 12. Bd2 Qa5 13. Bxc3 Qxc3+ 14. Kf1 Qxa3 15. Ra1 Qc3 16. Rxa7 b5 17. cxb5 Rxb5 18. h4 Nf6 19. Bf3 Be6 20. Kg2 Rd8 21. Nh3 Bxh3+ 22. Kxh3 Qd4 23. Kg2 e5 24. Qc1 e4 25. dxe4 Nxe4 26. e3 Qb4 27. Rd1 Rxd1 28. Qxd1 Qd2 29. Qxd2 Nxd2 30. Bd5 c4 31. Bxf7+ Kf8 32. Bxc4 Nxc4 33. Rxh7 Rb2 34. Kf3 Ne5+ 35. Ke4 Nf7 36. f4 Kg8 37. Rxf7 Kxf7 38. Kf3 Rb3 39. Ke4 Rb1 40. Kf3 Rf1+ 41. Kg4 Re1 42. Kf3 Kf6 43. Kf2 Rh1 44. Kg2 Rb1 45. Kf3 Rb3 46. Ke4 Rb2 47. Kf3 Rc2 48. Ke4 Rf2 49. g4 Rh2 50. Kf3 Rxh4 51. g5+ Kf5 52. e4+ Ke6 53. Kg3 Rh1 54. Kg4 Rf1 55. Kg3 Kd6 56. Kg4 Re1 57. Kf3 Ke6 0-1

[Event "HUN-chT2 Maroczy 1718"]
[Site "Hungary"]
[Date "2018.01.28"]
[Round "5.9"]
[White "Seres, Bela"]
[Black "Brandics, Jozsef"]
[Result "1/2-1/2"]
[WhiteElo "2223"]
[BlackElo "2213"]
[PlyCount "49"]
[EventDate "2017.10.29"]
[EventType "team-tourn"]
[EventRounds "9"]
[EventCountry "HUN"]
[SourceTitle "EXT 2021"]
[Source "ChessBase"]
[SourceDate "2020.10.23"]
[SourceVersion "1"]
[SourceVersionDate "2020.10.23"]
[SourceQuality "1"]
[WhiteTeam "Budapest HASE"]
[BlackTeam "Toth Laszlo"]
[WhiteTeamCountry "HUN"]
[BlackTeamCountry "HUN"]

1. e4 Nc6 2. Nf3 d6 3. Nc3 Nf6 4. Bb5 a6 5. Bxc6+ bxc6 6. 0-0 Bg4 7. h3 Bh5 8. d4 e6 9. Qe2 Be7 10. Bg5 Nd7 11. Bxe7 Qxe7 12. Qe3 Bxf3 13. Qxf3 0-0 14. Qe2 c5 15. dxc5 Nxc5 16. f4 Rab8 17. b3 c6 18. a3 a5 19. Rad1 Rfd8 20. f5 g6 21. Qc4 d5 22. exd5 exd5 23. Qd4 Nd7 24. a4 Qe5 25. Qd2 1/2-1/2

[Event "HUN-chT2 Maroczy 1718"]
[Site "Hungary"]
[Date "2017.10.29"]
[Round "1.8"]
[White "Seres, Bela"]
[Black "Metaxasz, Vaszilisz"]
[Result "1-0"]
[WhiteElo "2223"]
[BlackElo "2060"]
[PlyCount "79"]
[EventDate "2017.10.29"]
[EventType "team-tourn"]
[EventRounds "9"]
[EventCountry "HUN"]
[SourceTitle "EXT 2021"]
[Source "ChessBase"]
[SourceDate "2020.10.23"]
[SourceVersion "1"]
[SourceVersionDate "2020.10.23"]
[SourceQuality "1"]
[WhiteTeam "Budapest HASE"]
[BlackTeam "Taban Spartacus"]
[WhiteTeamCountry "HUN"]
[BlackTeamCountry "HUN"]

1. e4 e5 2. Nf3 Nc6 3. c3 Be7 4. d4 d6 5. Bb5 Bd7 6. Nbd2 Nf6 7. Bxc6 Bxc6 8. dxe5 Nxe4 9. Nxe4 Bxe4 10. Qa4+ Bc6 11. Qg4 dxe5 12. Nxe5 0-0 13. Nxc6 bxc6 14. 0-0 Bd6 15. Be3 Qf6 16. Rad1 Rab8 17. b3 Rfe8 18. Bxa7 Ra8 19. Bd4 Qh6 20. g3 c5 21. Be3 Qf6 22. Qc4 Rxa2 23. Bxc5 Be5 24. Bd4 Bxd4 25. Rxd4 Rc2 26. Qd3 Rce2 27. Rf4 Qe6 28. Qc4 Qe7 29. Rd1 h6 30. Rd5 g5 31. Rff5 Re4 32. Rd4 Re1+ 33. Kg2 Rc1 34. h4 Kg7 35. hxg5 hxg5 36. Qc5 f6 37. Qxe7+ Rxe7 38. Rc4 Rd1 39. Rc6 Red7 40. Rfxf6 1-0